Регионална библиотека "Любен Каравелов" - Русе

Статистико-икономически анализ на районите и областите в Република България (Запис номер 58066)

MARC детайли
000 -Лидер
Контролно поле с фиксирана дължина 01754nam a2200397 c 4500
003 - Код на организацията, давaща контролен номер
Контролно поле BLK
005 - Дата и час на последна редакция
Контролно поле 20180422102140.0
008 - Елементи от данни с фиксирана дължина
fixed length control field 180408b bul|||||r ||||||| ||bul||
010 ## - Наследен системен номер
LC control number KNG00062092000
040 ## - Източник на каталожния запис
Идентификатор на билиотеката - собственик на записа BLK
041 ## - Код за език
Код за езика на текст/звукозапис или на отделно заглавие Български
Код за езика КДБФ Български
072 #7 - Код за тематичната категория
Код организация bullib
Код за тематична категория Н31
Текст Социология Н
080 ## - УДК
Текстов определител УДК Статистиката като наука. Теория на статистиката
УДК код - определител по УДК 311
УДК определител :332.1(497.2)
УДК - код + определител 311:332.1(497.2)
100 1# - Редна дума - Автор
Автор Цанова, Стела Стойчева
Авторска отговорност първи автор
R(LIN) 369633
139 ## - Редно поле
Редна дума Цанова, Стела Стойчева
Авторски знак Цано - Ц 18
245 10 - Сведения за заглавието
Заглавие Статистико-икономически анализ на районите и областите в Република България
Редно поле (дума) Стела Стойчева Цанова.
246 11 - Различни форми на заглавието
Паралелно заглавие Statistics and Economics Analysis the Regions and Districts in Bulgaria
257 ## - Страна на издаване
Страна на създаване/издаване България
260 ## - Област на издателските данни
-- Свищов
Име на издателя, разпространителя и проч. Акад. изд. Д. А. Ценов
Година на издаване 2010
300 ## - Физическа характеристика
Страници 172 с.
Илюстрации и др. с табл., диагр.
Размери/Мащаб 24 см
380 ## - Жанр
Жанр Обществени науки
490 1# - СЕРИИ (Колекции)
Име на серия Библиотека Стопански свят
№: серия 106
500 ## - Общи забележки
Забележка Библиогр. с. 166-171. - 250 тир. ISSN 1310-2737.
650 #4 - Допълнително описание по предмет – тема
Основно описание – тема или топоним Регионално развитие - България - статистика
9 (RLIN) 288062
650 #4 - Допълнително описание по предмет – тема
Основно описание – тема или топоним Стопанска статистика - България
9 (RLIN) 288063
650 #4 - Допълнително описание по предмет – тема
Основно описание – тема или топоним България - статистика
9 (RLIN) 277298
651 #4 - Допълнително описание по предмет - топоним
Географско понятие България
9 (RLIN) 241624
653 ## - Ключова дума – ненормативна
Ключова дума стопанска статистика
653 ## - Ключова дума – ненормативна
Ключова дума регионално развитие
659 ## - Тематичен бюлетин
Тематичен бюлетин Н
852 ## - Местоположение
Форматна сигнатура Цб 211600
856 4# - Електронен адрес и достъп
Електронен формат pdf - файл
Път до файла /url/
856 4# - Електронен адрес и достъп
Електронен формат pdf - файл
Път до файла /url/
942 ## - АРТИКУЛИ
Вид на библиотечния материал Книги
Скрит в OPAC Не
944 ## - СЪЗДАВАНЕ И РЕДАКЦИЯ на ЗАПИСА
Създаване/Редакция Създаване
Дата на регистрацията/редакция 31.08.2011
Статус, дата на статуса ф /
Служител, извършил регистрацията/редакцията Людмила_Стоянова
944 ## - СЪЗДАВАНЕ И РЕДАКЦИЯ на ЗАПИСА
Създаване/Редакция Редакция
Дата на регистрацията/редакция 13.08.2013
Статус, дата на статуса ф /
Служител, извършил регистрацията/редакцията
999 ## - СИСТЕМНИ КОНТРОЛНИ НОМЕРА
Koha biblionumber 58066
Koha biblioitemnumber 58066
Наличности
Код за отписване Код за изгубен артикул Код за повреда Коз за рестрикции Код за отдаване Артикулен № Име на библиотеката - собственик Име на библиотеката, в която се намира в момента Статус (Текущо местоположение) Дата на вписване в системата Местоположение - отдел Цена в лева Инвентарен номер Систематично азбучна сигнатура Баркод Номер на екземпляра Цена в евро Служебна бележка Служебен тип на артикула
  Не е изгубен Не е повреден без рестрикции ползва се в читалня 94920 Регионална библиотека "Любен Каравелов" Русе Регионална библиотека "Любен Каравелов" Русе Хранилище 2011-08-31 Основен фонд - ползва се само за читалня 10.00 120000752669 Цб 211600 120000752669 1 5.11 Дост: KN Вид: А N: 13 Дата: 31.08.2011 Книги
Изтеглен Не е изгубен Не е повреден без рестрикции заемане за дома 94921 Регионална библиотека "Любен Каравелов" Русе Регионална библиотека "Любен Каравелов" Русе Заемна - подръчен фонд 2013-07-10 Заемна - подръчен фонд 15.00 120000767964 П 311/Ц 18 120000767964 2 7.67 Дост: DA Вид: А N: 15 Дата: 10.07.2013 Дата инв: 02.02.2018 Бележки инв: П2018 Книги
Vip Innovations Ltd, Rousse, Bulgaria 2025